LEADER 01298nam a2200277 i 4500 001 000000224007 003 CaOOAMICUS 005 20131024000000.0 008 131024s2008 it u000 u ita u 013 $a202905 020 $a978-88-85918-40-5 040 $aSeMil$bita 100 1 $aPeterson, Erik <1890-1960>.$0(OLS)http://semarc/name/30925 245 13$all libro degli angeli :$bgli esseri angelici nella Bibbia, nel culto e nella vita cristiana /$cErik Peterson ; Franco Manzi. 250 $aNuova edizione ampiamente integrata con bibliografia biblica aggiornata. 260 $aRoma :$bEdizioni Liturgiche,$c2008. 300 $a144 p. ;$c22 cm. 500 $aIn preliminari : Dedica autografa dell'autore. 650 4$aBibbia - Angeli.$0(OLS)http://semarc/subject/18790 700 1 $aManzi, Franco,$d<1966- >.$0(OLS)http://semarc/name/6300 850 $aSeMil 852 $aSeMil$W1$xVenegono$y1$m2V II 223$j174353$B174353$CSeMilBibl$Z2$F184471 $81 961 $aOmaggio: Manzi don Franco 996 $6020$a978-88-85918-40-5$9(OLS)http://semarc/number/224328 996 $6245$all libro degli angeli :$bgli esseri angelici nella Bibbia, nel culto e nella vita cristiana$9(OLS)http://semarc/title/409688 996 $6260$aRoma :$bEdizioni Liturgiche$9(OLS)http://semarc/publisher/33221 LEADER 01095nam a2200229 i 4500 001 000000037541 003 CaOOAMICUS 005 20140826000000.0 008 140826s1862 it u000 u ita u 013 $a7837 040 $aSeMil$bita 100 1 $aLe Maistre de Sacy, Isaac,$d<1613-1684>.$0(OLS)http://semarc/name/2983 245 10$aStoria dell'Antico e Nuovo Testamento :$bversione italiana con 560 disegni approvata da S.E. Mons. arcivescovo di Milano /$cdi Royaumont de Sacy. 260 $aMilano :$bAndrea Ubicini,$c1862. 300 $a576 p. :$bill. ;$c25 cm. 650 4$aBibbia - Opere divulgative.$0(OLS)http://semarc/subject/7462 650 4$aBibbie illustrate.$0(OLS)http://semarc/subject/7463 850 $aSeMil 852 $aSeMil$W1$xVenegono$y1$m2Y V 41 FA$j3696$B3696$CSeMilBibl$Z2$F3696 $8I 961 $aOmaggio: Deposito 996 $6245$aStoria dell'Antico e Nuovo Testamento :$bversione italiana con 560 disegni approvata da S.E. Mons. arcivescovo di Milano$9(OLS)http://semarc/title/52605 996 $6260$aMilano :$bAndrea Ubicini$9(OLS)http://semarc/publisher/33954